000 00709nam a2200253Ia 4500
003 OSt
005 20220918165538.0
006 a|||||r|||| 00| 0
007 ta
008 220917b |||||||| |||| 00| 0 eng d
020 _a8126013583 (pbk)
024 _a235,158
037 _cTextual
040 _aARTS
_cARTS
_beng
041 _2eng
_aeng
082 _aO111944,3N39,AA, 153P2
100 _ai'Fh, no[Dl r[btzs, Tr.
_924725
245 0 _ank]oh G[Zb-G[bZJhnK
260 _afdZbh,
_b;kfjs nekd/wh, Gkos
_c2002
300 _a239gz
_ccm.
650 _anzrq/ih ;kfjs
_924726
942 _hO111944,3N39,AA, 153P2
_cTEXL
_2CC
999 _c130315
_d130315